Library Banner

Future youth : How to reverse the aging process (Record no. 9740)

MARC details
000 -LEADER
fixed length control field 00448nam a2200181Ia 4500
001 - CONTROL NUMBER
control field 8397
008 - FIXED-LENGTH DATA ELEMENTS--GENERAL INFORMATION
fixed length control field 140324s9999 xx 000 0 und d
020 ## - INTERNATIONAL STANDARD BOOK NUMBER
International Standard Book Number 0-87857-721-1
040 ## - CATALOGING SOURCE
Transcribing agency PK-LaUMT
082 ## - DEWEY DECIMAL CLASSIFICATION NUMBER
Classification number 613
Item number FUT-
100 ## - MAIN ENTRY--PERSONAL NAME
Personal name Keough, Carol, Ed.
245 ## - TITLE STATEMENT
Title Future youth : How to reverse the aging process
Statement of responsibility, etc Keough, Carol, Ed.
260 ## - PUBLICATION, DISTRIBUTION, ETC. (IMPRINT)
Date of publication, distribution, etc 1987
300 ## - PHYSICAL DESCRIPTION
Extent 646 p.
546 ## - LANGUAGE NOTE
Language note EN
650 ## - SUBJECT ADDED ENTRY--TOPICAL TERM
Topical term or geographic name as entry element Aging-physiogical aspects
942 ## - ADDED ENTRY ELEMENTS (KOHA)
Koha item type Books
Holdings
Withdrawn status Lost status Damaged status Not for loan Home library Current library Date acquired Total Checkouts Full call number Barcode Date last seen Price effective from Koha item type
        UMT Main Campus UMT Main Campus 2014-03-24   613 FUT- 9946 2014-03-24 2014-03-24 Books